[Event "Lueneburg distr-ch Meister"]
[Site "Muenster"]
[Date "2019.10.19"]
[Round "6"]
[White "Huhs, Sven"]
[Black "Gruening, Thomas"]
[Result "1-0"]
[WhiteElo "1993"]
[BlackElo "1846"]
[PlyCount "99"]
[EventDate "2019.10.17"]
[EventType "swiss"]
[EventRounds "7"]
[EventCountry "GER"]
[SourceTitle "EXT 2023"]
[Source "ChessBase"]
[SourceDate "2022.10.05"]
[SourceVersion "1"]
[SourceVersionDate "2022.10.05"]
[SourceQuality "1"]

1. d4 g6 2. e4 d6 3. Nc3 Bg7 4. Be3 Nf6 5. f3 c6 6. a4 a5 7. h4 h5 8. Nh3 Qc7 9. Ng5 Nbd7 10. Qd2 Nf8 11. Bc4 Ne6 12. Bxe6 Bxe6 13. Nxe6 fxe6 14. 0-0 0-0 15. Ne2 Rf7 16. Nf4 Qd7 17. Rad1 Kh7 18. Nh3 Rff8 19. Ng5+ Kg8 20. Qd3 Nh7 21. Nh3 Qe8 22. Qb3 Qd7 23. Nf4 Kf7 24. d5 exd5 25. exd5 c5 26. Ne6 Rg8 27. c4 Bf6 28. Bg5 Nxg5 29. hxg5 Bh8 30. Qc2 Raf8 31. Rde1 Ke8 32. Nxf8 Kxf8 33. Re6 Bd4+ 34. Kh1 Rg7 35. f4 Qe8 36. g3 b6 37. Kg2 Kg8 38. b3 Kh7 39. Kh3 Kg8 40. Qd3 Qf7 41. Kh4 Qf5 42. Qxf5 gxf5 43. Rh6 Kf7 44. Re1 Bc3 45. Re2 Bd4 46. Kxh5 Bc3 47. g6+ Kf8 48. Rh8+ Rg8 49. Rxg8+ Kxg8 50. Rxe7 1-0

[Event "Lueneburg distr-ch Meister"]
[Site "Bergen"]
[Date "2018.10.12"]
[Round "4.2"]
[White "Huhs, Sven"]
[Black "Meschke, Oliver"]
[Result "1/2-1/2"]
[WhiteElo "2022"]
[BlackElo "1932"]
[PlyCount "72"]
[EventDate "2018.10.11"]
[EventType "swiss"]
[EventRounds "7"]
[EventCountry "GER"]
[SourceTitle "EXT 2020"]
[Source "ChessBase"]
[SourceDate "2019.10.17"]
[SourceVersion "1"]
[SourceVersionDate "2019.10.17"]
[SourceQuality "1"]

1. d4 f5 2. g3 Nf6 3. Bg2 g6 4. Nh3 Bg7 5. 0-0 0-0 6. c4 Nc6 7. b3 e5 8. dxe5 Nxe5 9. Bb2 d6 10. Nc3 Rb8 11. Qc2 Bd7 12. Nf4 Re8 13. Rad1 Qc8 14. Nfd5 Bc6 15. Nxf6+ Bxf6 16. Nd5 Bg7 17. f4 Bxd5 18. Bxd5+ Nf7 19. Bxg7 Kxg7 20. Qc3+ Kg8 21. Qf6 Qd7 22. e4 Qe7 23. Qd4 c6 24. Bxf7+ Kxf7 25. exf5 gxf5 26. Qd3 Qe3+ 27. Qxe3 Rxe3 28. Rxd6 Rbe8 29. Rfd1 Re2 30. R1d2 Re1+ 31. Kg2 R8e7 32. Kh3 Kg7 33. Kh4 Rf7 34. Kg5 Ree7 35. Rd8 Re6 36. R8d7 Rg6+ 1/2-1/2

[Event "Lueneburg distr-ch Meister"]
[Site "Bergen"]
[Date "2018.10.11"]
[Round "2.2"]
[White "Huhs, Sven"]
[Black "Bargsten, Justus"]
[Result "1/2-1/2"]
[WhiteElo "2022"]
[BlackElo "1871"]
[PlyCount "75"]
[EventDate "2018.10.11"]
[EventType "swiss"]
[EventRounds "7"]
[EventCountry "GER"]
[SourceTitle "EXT 2020"]
[Source "ChessBase"]
[SourceDate "2019.10.17"]
[SourceVersion "1"]
[SourceVersionDate "2019.10.17"]
[SourceQuality "1"]

1. d4 Nf6 2. c4 e6 3. Nc3 Bb4 4. e3 0-0 5. Nge2 d5 6. a3 Be7 7. cxd5 exd5 8. g3 c6 9. Bg2 Bf5 10. f3 Re8 11. e4 dxe4 12. fxe4 Bg4 13. 0-0 Na6 14. Qb3 Qb6 15. Qxb6 axb6 16. Nf4 Rad8 17. h3 Bc8 18. Be3 Bf8 19. Rad1 Nc7 20. g4 h6 21. Bf2 Nh7 22. Bg3 Bd6 23. Rfe1 g5 24. Nh5 Bxg3 25. Nxg3 Ne6 26. Nf5 h5 27. e5 Nf4 28. Ne4 Be6 29. Ned6 Bxf5 30. Nxe8 hxg4 31. Nd6 Nxg2 32. Kxg2 gxh3+ 33. Kh2 Bg4 34. Rd3 Rd7 35. Rg3 Be6 36. Rf1 g4 37. Rf4 Kf8 38. Rfxg4 1/2-1/2

[Event "Arber op 7th"]
[Site "Bodenmais"]
[Date "2018.07.30"]
[Round "3"]
[White "Huhs, Sven"]
[Black "Bergmann, Reiner"]
[Result "1/2-1/2"]
[WhiteElo "2034"]
[BlackElo "1808"]
[PlyCount "139"]
[EventDate "2018.07.28"]
[EventType "swiss"]
[EventRounds "9"]
[EventCountry "GER"]
[SourceTitle "CBM 185 Extra"]
[Source "ChessBase"]
[SourceDate "2018.07.29"]
[SourceVersion "1"]
[SourceVersionDate "2018.07.29"]
[SourceQuality "1"]

1. d4 d5 2. c4 e6 3. Nc3 Nf6 4. Bg5 Be7 5. Nf3 0-0 6. e3 Nbd7 7. Rc1 c6 8. a3 Ne4 9. Bxe7 Qxe7 10. Qc2 f5 11. Bd3 g5 12. 0-0 g4 13. Ne5 Qh4 14. f3 g3 15. h3 Nf2 16. Nxd7 Bxd7 17. Nd1 Nxd1 18. Rcxd1 Rf6 19. f4 Be8 20. Be2 Bh5 21. Bxh5 Qxh5 22. Rc1 Qf7 23. b4 Qe7 24. Qc3 Rg6 25. Rb1 Rc8 26. Rb3 Rg7 27. Rfb1 Rc7 28. c5 h6 29. a4 Qe8 30. Qd3 Qh5 31. Kf1 Qf7 32. Qe2 Kh7 33. b5 Rd7 34. a5 Kg6 35. a6 cxb5 36. Qxb5 bxa6 37. Qxa6 Kf6 38. Ke2 Qe8 39. Rb8 Rd8 40. R8b4 Rdd7 41. Kd2 Rge7 42. Rc1 Rg7 43. c6 Rc7 44. Qb5 Rge7 45. Qc5 Kf7 46. Rb3 Kf6 47. Rbc3 Qb8 48. Qa3 Qe8 49. Qd6 Qb8 50. Qa3 Qe8 51. Qb4 Rg7 52. Qb5 Rge7 53. Kc2 Qh5 54. Kb2 Re8 55. Ka3 Rec8 56. R1c2 Qe8 57. Ka2 Rb8 58. Qa4 Rb6 59. Rc5 Qc8 60. Qa3 Ra6 61. Ra5 Rxa5 62. Qxa5 Rxc6 63. Rxc6 Qxc6 64. Qd8+ Kf7 65. Ka3 Qc3+ 66. Ka4 Qc2+ 67. Ka5 Qxg2 68. Qd7+ Kf6 69. Qd8+ Kg6 70. Qe8+ 1/2-1/2

[Event "Lueneburg distr-ch Meister"]
[Site "Muenster"]
[Date "2016.10.13"]
[Round "1.3"]
[White "Gruening, Thomas"]
[Black "Huhs, Sven"]
[Result "1/2-1/2"]
[WhiteElo "1849"]
[BlackElo "2009"]
[PlyCount "74"]
[EventDate "2016.10.13"]
[EventType "swiss"]
[EventRounds "7"]
[EventCountry "GER"]
[SourceTitle "EXT 2019"]
[Source "ChessBase"]
[SourceDate "2018.10.10"]
[SourceVersion "1"]
[SourceVersionDate "2018.10.10"]
[SourceQuality "1"]

1. f4 g6 2. Nf3 Bg7 3. g3 b6 4. Bg2 Bb7 5. 0-0 d6 6. d3 Nd7 7. e4 e6 8. Nc3 Ne7 9. Be3 a6 10. Qd2 h6 11. Rae1 0-0 12. g4 c5 13. h4 d5 14. Bf2 Qc7 15. e5 b5 16. Ne2 a5 17. c3 a4 18. d4 Rfc8 19. Ng3 Ba6 20. Rc1 Qa5 21. a3 Rab8 22. dxc5 Nxc5 23. Nd4 Nb3 24. Nxb3 axb3 25. Rfd1 Qc7 26. Ne2 Nc6 27. Nd4 Na5 28. Rb1 Re8 29. Re1 Ra8 30. g5 h5 31. Qd1 Qc4 32. Bf1 Qa4 33. Bd3 Rec8 34. Qe2 Nc4 35. Qd1 Na5 36. Qe2 Nc4 37. Qd1 Na5 1/2-1/2

[Event "Lueneburg distr-ch Meister"]
[Site "Muenster"]
[Date "2016.10.13"]
[Round "2.3"]
[White "Huhs, Sven"]
[Black "Harms, Friedjof"]
[Result "1-0"]
[WhiteElo "2009"]
[BlackElo "1870"]
[PlyCount "85"]
[EventDate "2016.10.13"]
[EventType "swiss"]
[EventRounds "7"]
[EventCountry "GER"]
[SourceTitle "EXT 2019"]
[Source "ChessBase"]
[SourceDate "2018.10.10"]
[SourceVersion "1"]
[SourceVersionDate "2018.10.10"]
[SourceQuality "1"]

1. d4 Nf6 2. c4 c5 3. d5 b5 4. cxb5 a6 5. bxa6 g6 6. Nc3 Bxa6 7. e4 Bxf1 8. Kxf1 d6 9. g3 Bg7 10. Kg2 0-0 11. Nf3 Nbd7 12. h3 Qa5 13. Re1 Rfb8 14. Qc2 Nb6 15. a4 Nfd7 16. Ra2 Ne5 17. Nxe5 Bxe5 18. Re2 Ra6 19. Bd2 Nc4 20. Be1 Qc7 21. Nb5 Rxb5 22. Qxc4 Rba5 23. Bxa5 Qxa5 24. Ra3 Rb6 25. Rb3 Ra6 26. Rb8+ Kg7 27. b3 Ra7 28. Rb5 Qc3 29. Qxc3 Bxc3 30. Rc2 Ba5 31. Kf3 h6 32. Ke3 g5 33. Kd3 f6 34. Ra2 Kf7 35. Kc4 Ke8 36. f4 Be1 37. Rg2 Ba5 38. e5 fxe5 39. fxe5 Bc7 40. e6 Kf8 41. Rf2+ Kg8 42. Rf7 Ba5 43. Rb8+ 1-0

[Event "Dortmund Sparkassen op-A 44th"]
[Site "Dortmund"]
[Date "2016.07.17"]
[Round "9"]
[White "Huhs, Sven"]
[Black "Borchert, Louis"]
[Result "0-1"]
[WhiteElo "2034"]
[BlackElo "1878"]
[PlyCount "72"]
[EventDate "2016.07.09"]
[EventType "swiss"]
[EventRounds "9"]
[EventCountry "GER"]
[SourceTitle "CBM 173 Extra"]
[Source "ChessBase"]
[SourceDate "2016.08.29"]
[SourceVersion "1"]
[SourceVersionDate "2016.08.29"]
[SourceQuality "1"]

1. d4 d5 2. c4 e6 3. Nc3 Nf6 4. Bg5 Be7 5. Nf3 0-0 6. e3 Nbd7 7. Rc1 b6 8. cxd5 exd5 9. Bd3 c5 10. 0-0 Bb7 11. Qc2 Rc8 12. Rfd1 Ne4 13. Bf4 f5 14. Qa4 a6 15. Ne5 Nxe5 16. Bxe5 b5 17. Qc2 c4 18. Bf1 Qd7 19. f3 Ng5 20. h4 Ne6 21. g3 Bd6 22. Bh3 g6 23. e4 fxe4 24. fxe4 Bxe5 25. dxe5 d4 26. Bxe6+ Qxe6 27. Rxd4 Qxe5 28. Rcd1 Qxg3+ 29. Qg2 Qe3+ 30. Kh1 Rf4 31. Rd8+ Rxd8 32. Rxd8+ Kf7 33. Rd7+ Ke6 34. Re7+ Kxe7 35. Nd5+ Bxd5 36. Qg5+ Kf8 0-1

[Event "Dortmund Sparkassen op-A 44th"]
[Site "Dortmund"]
[Date "2016.07.16"]
[Round "8"]
[White "Stemmler, Fabian"]
[Black "Huhs, Sven"]
[Result "1/2-1/2"]
[WhiteElo "1931"]
[BlackElo "2034"]
[PlyCount "30"]
[EventDate "2016.07.09"]
[EventType "swiss"]
[EventRounds "9"]
[EventCountry "GER"]
[SourceTitle "CBM 173 Extra"]
[Source "ChessBase"]
[SourceDate "2016.08.29"]
[SourceVersion "1"]
[SourceVersionDate "2016.08.29"]
[SourceQuality "1"]

1. d4 Nf6 2. Nf3 g6 3. Nc3 d5 4. Bf4 Bg7 5. e3 Bg4 6. Be2 0-0 7. h3 Bxf3 8. Bxf3 c6 9. 0-0 Nbd7 10. Ne2 Re8 11. Rc1 e5 12. dxe5 Nxe5 13. Bxe5 Rxe5 14. c4 dxc4 15. Rxc4 Qb6 1/2-1/2

[Event "Arber op 4th"]
[Site "Bayerisch Eisenstein"]
[Date "2015.08.09"]
[Round "9"]
[White "Huhs, Sven"]
[Black "Koller, Hans Juergen"]
[Result "0-1"]
[WhiteElo "2054"]
[BlackElo "2071"]
[PlyCount "63"]
[EventDate "2015.08.01"]
[EventType "swiss"]
[EventRounds "9"]
[EventCountry "GER"]
[SourceTitle "EXT 2016"]
[Source "ChessBase"]
[SourceDate "2015.10.08"]
[SourceVersion "1"]
[SourceVersionDate "2015.10.08"]
[SourceQuality "1"]

1. d4 Nf6 2. c4 c5 3. d5 e6 4. Nc3 exd5 5. cxd5 d6 6. e4 g6 7. Bd3 Bg7 8. Nge2 0-0 9. 0-0 b6 10. h3 Ba6 11. Bxa6 Nxa6 12. a3 Nc7 13. Ra2 Qd7 14. f4 Rae8 15. Qd3 b5 16. b4 c4 17. Qf3 h6 18. Rd2 Nh7 19. Nd4 f5 20. Bb2 Nf6 21. e5 dxe5 22. fxe5 Rxe5 23. Nc6 Ree8 24. Rfd1 Ne4 25. Nxe4 fxe4 26. Qe3 Rf5 27. Bxg7 Kxg7 28. d6 Ne6 29. Qc3+ Kh7 30. Ne5 Qg7 31. d7 Rd8 32. Nc6 0-1

[Event "Niedersachsen-ch op-A"]
[Site "Verden"]
[Date "2014.01.02"]
[Round "2"]
[White "Huhs, Sven"]
[Black "Ewert, Stefan"]
[Result "1/2-1/2"]
[WhiteElo "2078"]
[BlackElo "1916"]
[PlyCount "71"]
[EventDate "2014.01.02"]
[EventType "swiss"]
[EventRounds "7"]
[EventCountry "GER"]
[SourceTitle "EXT 2016"]
[Source "ChessBase"]
[SourceDate "2015.10.08"]
[SourceVersion "1"]
[SourceVersionDate "2015.10.08"]
[SourceQuality "1"]

1. d4 d5 2. c4 c6 3. Nc3 g6 4. Nf3 Bg7 5. e3 Nf6 6. Be2 0-0 7. 0-0 Re8 8. Ne5 Nbd7 9. f4 Ne4 10. cxd5 Nxc3 11. bxc3 cxd5 12. c4 dxc4 13. Bxc4 e6 14. Bd2 Nf6 15. Qf3 a6 16. a4 Nd5 17. Rfb1 Ne7 18. a5 Nf5 19. Kh1 Re7 20. Bb4 Rc7 21. Bc5 Bxe5 22. fxe5 Qg5 23. Bd3 Qxe3 24. Be4 Qxf3 25. gxf3 Rd7 26. Rb4 Ne3 27. Rc1 Nd5 28. Rbc4 Rc7 29. R4c2 Bd7 30. h4 h5 31. Bxd5 exd5 32. Rb2 Bc6 33. Rg1 Re8 34. Rbg2 Bd7 35. Rg5 Kh7 36. Kh2 1/2-1/2

[Event "Niedersachsen-ch op-A"]
[Site "Verden"]
[Date "2014.01.02"]
[Round "1"]
[White "Huhs, Sven"]
[Black "Stummeyer, Dieter"]
[Result "0-1"]
[WhiteElo "2078"]
[BlackElo "1886"]
[PlyCount "91"]
[EventDate "2014.01.02"]
[EventType "swiss"]
[EventRounds "7"]
[EventCountry "GER"]
[SourceTitle "EXT 2016"]
[Source "ChessBase"]
[SourceDate "2015.10.08"]
[SourceVersion "1"]
[SourceVersionDate "2015.10.08"]
[SourceQuality "1"]

1. d4 c5 2. d5 Nf6 3. c4 e6 4. Nc3 exd5 5. cxd5 d6 6. e4 g6 7. Nf3 Bg7 8. Be2 0-0 9. 0-0 Re8 10. Nd2 a6 11. a4 Nbd7 12. Qc2 Ne5 13. h3 b6 14. f4 Ned7 15. Nc4 Qc7 16. Bf3 Rb8 17. Bd2 b5 18. axb5 axb5 19. Na5 b4 20. Ne2 Ba6 21. Nc6 Bxe2 22. Bxe2 b3 23. Qd3 c4 24. Qxc4 Qb6+ 25. Kh2 Rxe4 26. Qa6 Qxa6 27. Bxa6 Rb6 28. Bd3 Re8 29. Ba5 Nxd5 30. Bxb6 N5xb6 31. Rf2 Nc5 32. Bb5 Re4 33. Rd1 d5 34. Rc1 Nca4 35. Bd3 Re3 36. Bb5 Bxb2 37. Rb1 Bg7 38. f5 gxf5 39. Rxf5 b2 40. Bxa4 Nxa4 41. Rxd5 Bf6 42. Rb5 Rc3 43. Nb4 Rc1 44. Rxb2 Nxb2 45. Rf5 Be7 46. g4 0-1

[Event "Schwarzach op 27th"]
[Site "Schwarzach"]
[Date "2012.08.22"]
[Round "5"]
[White "Huhs, Sven"]
[Black "Schnepp, Gunnar"]
[Result "0-1"]
[WhiteElo "2092"]
[BlackElo "2308"]
[PlyCount "44"]
[EventDate "2012.08.18"]
[EventType "swiss"]
[EventRounds "9"]
[EventCountry "AUT"]
[SourceTitle "CBM 150 Extra"]
[Source "ChessBase"]
[SourceDate "2012.10.19"]
[SourceVersion "1"]
[SourceVersionDate "2012.10.19"]
[SourceQuality "1"]

1. d4 Nf6 2. Nf3 e6 3. c4 c5 4. d5 b5 5. e3 exd5 6. cxd5 Bb7 7. Bxb5 Nxd5 8. 0-0 Be7 9. Nc3 Nxc3 10. bxc3 0-0 11. Qe2 Qa5 12. Bd2 Bf6 13. c4 Qa3 14. Bc1 Qa5 15. Bd2 Qa3 16. Bc1 Qb4 17. a3 Qb3 18. Qa2 Qd3 19. Rb1 Qg6 20. e4 Bxe4 21. Rb3 Bc2 22. Re3 a6 0-1

[Event "Dresden ZMD op 20th"]
[Site "Dresden"]
[Date "2011.08.06"]
[Round "1"]
[White "Fruebing, Stefan"]
[Black "Huhs, Sven"]
[Result "1-0"]
[WhiteElo "2363"]
[BlackElo "2099"]
[PlyCount "31"]
[EventDate "2011.08.06"]
[EventType "swiss"]
[EventRounds "9"]
[EventCountry "GER"]
[SourceTitle "CBM 143 Extra"]
[Source "ChessBase"]
[SourceDate "2011.08.29"]
[SourceVersion "1"]
[SourceVersionDate "2011.08.29"]
[SourceQuality "1"]

1. e4 c6 2. d4 d5 3. Nc3 dxe4 4. Nxe4 Nf6 5. Nxf6+ gxf6 6. c3 h5 7. Nf3 Bg4 8. h3 Bf5 9. Bc4 Qc7 10. Nh4 Be4 11. Qe2 Bd5 12. Bd3 b5 13. a4 bxa4 14. c4 Be6 15. Ng6 Nd7 16. Nxh8 1-0

[Event "Nordhausen op 9th"]
[Site "Nordhausen"]
[Date "2009.08.01"]
[Round "5"]
[White "Huhs, Sven"]
[Black "Feigel, Andreas"]
[Result "1-0"]
[WhiteElo "2135"]
[BlackElo "1999"]
[PlyCount "67"]
[EventDate "2009.07.30"]
[EventType "swiss"]
[EventRounds "7"]
[EventCountry "GER"]
[SourceTitle "CBM 131 Extra"]
[Source "ChessBase"]
[SourceDate "2009.09.03"]
[SourceVersion "2"]
[SourceVersionDate "2009.09.16"]
[SourceQuality "1"]

1. d4 d5 2. c4 Bf5 3. Nc3 e6 4. cxd5 exd5 5. Qb3 Nc6 6. Nf3 Nb4 7. e4 dxe4 8. Ne5 Be6 9. Bc4 Bxc4 10. Qxc4 Qe7 11. 0-0 f6 12. Ng4 Qd7 13. Re1 0-0-0 14. Rxe4 Bd6 15. Bf4 f5 16. Bxd6 Qxd6 17. Nb5 Qb6 18. Re6 Nc6 19. Ne5 Nxe5 20. dxe5 c6 21. Nd6+ Kb8 22. Nf7 Nh6 23. Nxh8 Ng4 24. Rf1 Rxh8 25. Qd3 Rd8 26. Rd6 Re8 27. Qxf5 Qb4 28. Qd7 Rc8 29. e6 Qf4 30. g3 Qh6 31. h4 Ne5 32. Qe7 a6 33. Rd8 Qg6 34. Qd6+ 1-0

[Event "Nordhausen op 9th"]
[Site "Nordhausen"]
[Date "2009.07.31"]
[Round "4"]
[White "Huhs, Sven"]
[Black "Eickelkamp, Jan Hendrik"]
[Result "1-0"]
[WhiteElo "2135"]
[BlackElo "1930"]
[PlyCount "51"]
[EventDate "2009.07.30"]
[EventType "swiss"]
[EventRounds "7"]
[EventCountry "GER"]
[SourceTitle "CBM 131 Extra"]
[Source "ChessBase"]
[SourceDate "2009.09.03"]
[SourceVersion "2"]
[SourceVersionDate "2009.09.16"]
[SourceQuality "1"]

1. d4 Nf6 2. c4 e6 3. Nc3 Bb4 4. e3 Bxc3+ 5. bxc3 d6 6. Bd3 Nbd7 7. Ne2 b6 8. e4 h6 9. 0-0 e5 10. Ng3 0-0 11. Be3 Re8 12. f4 exf4 13. Bxf4 Nf8 14. Qf3 Bg4 15. Qf2 Ng6 16. Bxh6 Qd7 17. Bxg7 Nh7 18. Bh6 Qe7 19. Rae1 Nh4 20. Qf4 Be6 21. e5 dxe5 22. Qxe5 f6 23. Rxf6 Nxf6 24. Qg5+ Kh8 25. Rxe6 Rg8 26. Rxe7 1-0